Clamavi De Profundis songs - Statistics

General Stats
  • This quiz has been taken 28 times
    4 since last reset
  • The average score is 22 of 119
Answer Stats
Hint Answer % Correct
2013 Far Over The Misty Mountains Cold
100%
2016 Far Over The Misty Mountains ColdComplete Version
100%
2023 Far Over the Misty Mountains ColdUltimate Edition
100%
2016 Song of Durin
100%
2017 Song of Durin Complete Version
100%
2018 All That Is Gold Does Not Glitter
67%
2024 Honor and Might
67%
2023 Jaina – Daughter of the Sea
67%
2023 The Kingdom
67%
2017 The Last Goodbye
67%
2020 The Song of Hammerdeep
67%
2023 Vinland Saga
67%
2019 When the Hammer Falls
67%
2024 A Elbereth Gilthoniel
33%
2020 Bilbo's Last Song
33%
2024 Build
33%
2022 Carol of the Bells
33%
2023 Diggy Diggy Hole
33%
2021 Heigh Ho!
33%
2025 Into the West
33%
2024 Iron Will
33%
2020 I Sit Beside the Fire and Think
33%
2017 Lament for Boromir
33%
2022 Lament for Boromir Enhanced Edition
33%
2018 Roads Go Ever On
33%
2025 Sam's Troll Song
33%
2020 Sleepsong
33%
2015 Song of Kings
33%
2022 Son of the Mountain
33%
2020 Strong
33%
2021 The Castle of Dromore
33%
2023 The Claiming of Negankerdak
33%
2018 The Ent's Marching Song
33%
2017 The King Beneath the Mountains
33%
2018 The Lament for the Rohirrim
33%
2021 The Loss of Negankerdak
33%
2023 The Oath of Elendil
33%
2021 The Secret of Negankerdak
33%
2018 The Skye Boat Song
33%
2018 The Song of Beren and Lúthien
33%
2021 The Song of EärendilComplete Version
33%
2019 The Song of Eärendil Part I
33%
2019 The Song of Eärendil Part II
33%
2019 The Song of Eärendil Part III
33%
2023 The Violation of Negankerdak
33%
2024 The Ways Long Past
33%
2025 What Child Is This
33%
2022 Where There's A Whip (There's A Way)
33%
2024 Winterdeep
33%
2019 Adeste Fideles
0%
2020 Árstiðir
0%
2022 Battle of Lepanto
0%
2021 Birth of an Age
0%
2020 Boic Bravesoul
0%
2017 Christmas Medley
0%
2024 Christus Vincit
0%
2021 Coventry Carol
0%
2025 Crux Fidelis
0%
2021 Daughters of the Sky
0%
2021 De Profundis
0%
2017 Deus in Adiutorium
0%
2024 Down Down to Goblin Town
0%
2025 Dragon
0%
2019 Dragonshore
0%
2023 Dungeons of Dreadrock
0%
2022 Dwarven Forge
0%
2024 Everything is Awesome!
0%
2017 Fall of Gil-galad
0%
2019 Fear Not this Night
0%
2021 Gaudete
0%
2023 God Bless Us Everyone
0%
2018 God Rest Ye Merry Gentlemen
0%
2019 Good King Wenceslaus
0%
2020 Haec Dies
0%
2025 Halls of Victory
0%
2023 Hark the Herald Angels Sing
0%
2024 Hevdrok the Hero
0%
2020 Hidden Helper
0%
2020 In Western Lands
0%
2017 Lamentations of Jeremiah 1:10-14
0%
2023 Lamentations of Jeremiah 1:1-5
0%
2018 Lamentations of Jeremiah 2:12-15
0%
2022 Lament for Lalaith
0%
2022 Lillian's Song
0%
2025 Lúthien's Captivity in Doriath
0%
2018 Lux Vitae
0%
2023 Namárië
0%
2017 Now We Are Free
0%
2024 O Come Divine Messiah
0%
2018 One Ring to Rule Them All
0%
2022 O Sacred Head Surrounded
0%
2020 Oshrjad Bonebreaker
0%
2022 Outward – The Adventurer's Tale
0%
2020 O Vos Ómnes
0%
2024 Puer Natus
0%
2025 Rise to Victory
0%
2025 See Amid the Winter's Snow
0%
2018 Silent Night
0%
2018 Skyrim Main Theme
0%
2022 Song of the Caverns
0%
2022 Song of the Mounds of Mundburg
0%
2024 Stillness of the Dark
0%
2025 Te Deum
0%
2021 Te Gloriosus Apostolorum
0%
2023 The Barrow-wight's Chant
0%
2021 The Battle at World Stone Keep
0%
2020 The Battle of Sauronand Finrod Felagund
0%
2019 The Dragon Is Withered Full
0%
2019 The Dragon Is Withered Part I
0%
2019 The Edge of Night
0%
2018 The Ent and the Ent-Wife
0%
2025 The Fall of Eronan
0%
2022 The Greatest Adventure
0%
2022 The Melody Within
0%
2019 The Reproaches (Improperia)
0%
2020 Veni Veni Emmanuel
0%
2021 Viriliter Agite
0%
2017 We Three Kings
0%
2025 Ye Sons and Daughters(O Filii et Filiae)
0%
No matching quizzes found
Score Distribution
Percent of People with Each Score
Percentile by Number Answered
Your Score History
You have not taken this quiz since the last reset